[Event "BCF-ch AM U1900 op"]
[Site "Hull"]
[Date "2024.07.30"]
[Round "2"]
[White "Woozeer, Seth"]
[Black "Virgin, Jack"]
[Result "1-0"]
[WhiteElo "1629"]
[BlackElo "1798"]
[PlyCount "72"]
[EventDate "2024.07.29"]
[EventType "swiss"]
[EventRounds "6"]
[EventCountry "ENG"]
[SourceTitle "CBM 221 Extra"]
[Source "ChessBase"]
[SourceDate "2024.09.30"]
[SourceVersion "1"]
[SourceVersionDate "2024.09.30"]
[SourceQuality "1"]

1. e4 c5 2. Nf3 Nc6 3. d4 cxd4 4. Nxd4 Nf6 5. Nc3 e5 6. Nf5 d6 7. Ne3 Be7 8. Bc4 a6 9. 0-0 0-0 10. b3 b5 11. Bd5 Nxd5 12. Ncxd5 f5 13. exf5 Bxf5 14. Nxf5 Rxf5 15. Ba3 Bg5 16. Qg4 g6 17. Rad1 Nd4 18. c3 Ne6 19. Bxd6 Kg7 20. Ba3 Qa5 21. Qb4 Qxb4 22. Bxb4 a5 23. Be7 Bxe7 24. Nxe7 Rf7 25. Nd5 a4 26. b4 Rd8 27. Ne3 Rc8 28. Rc1 Nf4 29. Rc2 Rxc3 30. Rxc3 Ne2+ 31. Kh1 Nxc3 32. a3 Ne2 33. Ng4 e4 34. Re1 Rc7 35. Ne3 Nd4 36. Rd1 Rc3 1-0

[Event "BCF-ch PM U2050 op"]
[Site "Hull"]
[Date "2024.07.29"]
[Round "1"]
[White "Virgin, Jack"]
[Black "Yu, William1"]
[Result "1-0"]
[WhiteElo "1798"]
[BlackElo "1651"]
[PlyCount "63"]
[EventDate "2024.07.29"]
[EventType "swiss"]
[EventRounds "6"]
[EventCountry "ENG"]
[SourceTitle "CBM 221 Extra"]
[Source "ChessBase"]
[SourceDate "2024.09.30"]
[SourceVersion "1"]
[SourceVersionDate "2024.09.30"]
[SourceQuality "1"]

1. e4 e6 2. d4 d5 3. Nc3 dxe4 4. Nxe4 Nd7 5. Bd3 Ngf6 6. Bg5 Be7 7. Bxf6 Nxf6 8. Nf3 Bd7 9. c3 Bc6 10. Qc2 Qd5 11. Nxf6+ Bxf6 12. 0-0 Qh5 13. Be4 Bxe4 14. Qxe4 c6 15. Rfe1 Qd5 16. Qf4 0-0 17. Ne5 c5 18. dxc5 Rfd8 19. Ng4 Bg5 20. Qg3 Qxc5 21. h4 Be7 22. Re2 Rd5 23. Rae1 Rad8 24. Nh6+ Kf8 25. Nxf7 Kxf7 26. Rxe6 Bf6 27. Qf3 Qc7 28. g4 h6 29. g5 hxg5 30. Qh5+ g6 31. Qh7+ Bg7 32. Qxg6+ 1-0

[Event "London Central Major"]
[Site "London"]
[Date "2022.11.04"]
[Round "1"]
[White "Virgin, Jack"]
[Black "Sarfas, Robin"]
[Result "1-0"]
[WhiteElo "1849"]
[BlackElo "1618"]
[PlyCount "57"]
[EventDate "2022.11.04"]
[EventType "swiss"]
[EventRounds "5"]
[EventCountry "ENG"]
[SourceTitle "EXT 2024"]
[Source "ChessBase"]
[SourceDate "2023.10.10"]
[SourceVersion "1"]
[SourceVersionDate "2023.10.10"]
[SourceQuality "1"]

1. e4 c5 2. Nc3 Nc6 3. f4 g6 4. Nf3 Bg7 5. Bc4 e6 6. 0-0 Nge7 7. d3 0-0 8. e5 a6 9. Ne4 d5 10. exd6 Nf5 11. c3 Nxd6 12. Nxc5 Nxc4 13. dxc4 Qb6 14. Be3 Rd8 15. Qb3 Qxb3 16. Nxb3 e5 17. fxe5 Be6 18. c5 h6 19. Nbd4 Nxd4 20. cxd4 Rac8 21. Nd2 Bd5 22. b3 b6 23. cxb6 Rc3 24. Rfe1 Bf8 25. Rac1 Rdc8 26. Nc4 Rxc1 27. Rxc1 Kg7 28. Nd6 Rb8 29. Rc5 1-0